UBT Library

Calculation of drug dosages: (Record no. 2320)

000 -LEADER
fixed length control field 00290nam a22001217a 4500
008 - FIXED-LENGTH DATA ELEMENTS--GENERAL INFORMATION
fixed length control field 160520b xxu||||| |||| 00| 0 eng d
020 ## - INTERNATIONAL STANDARD BOOK NUMBER
International Standard Book Number 9780323018883
020 ## - INTERNATIONAL STANDARD BOOK NUMBER
International Standard Book Number 0323018882
041 ## - LANGUAGE CODE
Language code of text/sound track or separate title eng
080 ## - UNIVERSAL DECIMAL CLASSIFICATION NUMBER
Universal Decimal Classification number 615
245 ## - TITLE STATEMENT
Title Calculation of drug dosages:
Statement of responsibility, etc Sheila J. Ogden;
942 ## - ADDED ENTRY ELEMENTS (KOHA)
Source of classification or shelving scheme
Item type Books
Holdings
Withdrawn status Lost status Source of classification or shelving scheme Damaged status Not for loan Collection code Permanent location Current location Shelving location Date acquired Total Checkouts Full call number Barcode Date last seen Price effective from Koha item type
                  05/26/2016       05/26/2016 05/26/2016 Books
          Koleksioni i përgjithshem UBT - Lipjan UBT - Lipjan Koleksioni i përgjithshem 05/20/2016   615 OGD 002035630 05/20/2016 05/20/2016 Books
UBT Library © 2015-2024. All rights reserved University Education for Business and Technology